| 000 | 00700nam a2200217 i 4500 | ||
|---|---|---|---|
| 001 | 107913 | ||
| 003 | ES-MaACL | ||
| 005 | 20250829080455.0 | ||
| 007 | t| | ||
| 008 | 061215s1969 sp ||||1| spa d | ||
| 080 | _a86-311.2"19" | ||
| 100 | 1 |
_aBaroja, Pío, _d1872-1956 _925752 |
|
| 245 | 1 | 3 |
_aLa busca / _cPío Baroja; prólogo de Julio Caro Baroja. |
| 260 |
_a[Madrid] : _bSalvat, _c[1969] |
||
| 300 |
_a188 p., 1 h. ; _c19 cm. |
||
| 490 | 1 |
_aBiblioteca básica Salvat de Libros RTV ; _v9 |
|
| 700 | 1 |
_aCaro Baroja, Julio, _d1914-1995 _935403 |
|
| 830 | 0 | 0 |
_aBiblioteca básica Salvat de libros RTV _v9 _9185398 |
| 852 |
_aES-MaACL _jE-2930 _bR.69765 |
||
| 999 |
_c107913 _d107913 |
||